000 00598nam a22002297a 4500
003 UA-OsUOA
001 49773
007 ta
008 20071011b un ||||| |||| 00| 0 ukr d
100 _aЗасенко О.
090 _a82.09
_bЗ-36
942 _cBK
040 _aUA-OsUOA
_bukr
_cUA-OsUOA
_dUA-OsUOA
245 _aЛітературно-критичні нариси і статті
300 _a540 с.
955 _a1
041 _aukr
080 _a82.09
260 _aК.
_c1962
650 7 _a82 Література. Літературознавство
_2UDC
999 _c335879
_d335879